Ukraine
Vojna vstúpila do politického diskurzu Ukrajiny spolu s príslušnými politickými a historickými procesmi. Jazyk a konflikty sú často prepletené; existujú dokonca úvahy o jazyku ako zbrani. Situácia na Ukrajine je toho dôkazom. Ide o najväčšiu, najkrvavejšiu a najdlhšiu vojnu v Európe od roku 1945". Ž...
Uložené v:
| Hlavný autor: | |
|---|---|
| Médium: | Kapitola |
| Jazyk: | English |
| Predmet: | |
| Tagy: |
Žiadne tagy, Buďte prvý, kto otaguje tento záznam!
|
MARC
| LEADER | 00000naa$a2200000$$$4500 | ||
|---|---|---|---|
| 001 | 0305281 | ||
| 005 | 20241216081401.7 | ||
| 041 | 0 | |a eng | |
| 044 | |a GB | ||
| 245 | 1 | 0 | |a Ukraine |c Svitlana Goloshchuk |
| 520 | |a Vojna vstúpila do politického diskurzu Ukrajiny spolu s príslušnými politickými a historickými procesmi. Jazyk a konflikty sú často prepletené; existujú dokonca úvahy o jazyku ako zbrani. Situácia na Ukrajine je toho dôkazom. Ide o najväčšiu, najkrvavejšiu a najdlhšiu vojnu v Európe od roku 1945". Žiaden iný konflikt na území Európy v druhej polovici 20. storočia nemal toľko ľudských obetí, ako rusko-ukrajinská vojna. | ||
| 610 | 2 | 0 | |a Ukrajina |
| 610 | 2 | 0 | |a vojny |
| 610 | 2 | 0 | |a Európa |
| 610 | 2 | 0 | |a história |
| 610 | 2 | 0 | |a konflikty |
| 610 | 2 | 0 | |a konflikty medzinárodné |
| 610 | 2 | 0 | |a jazyk diplomatický |
| 610 | 2 | 0 | |a zbrane |
| 100 | 1 | |a Goloshchuk, Svitlana, 1976- | |